| 000 | 00402cam a2200169ua 4500 | ||
|---|---|---|---|
| 041 |
_aeng _h |
||
| 082 |
_a425 _bCUR/EN |
||
| 100 | _aCurme, George O . | ||
| 245 |
_aEnglish grammer / _cGeorge O Curme. _hTextual Documents |
||
| 250 |
_a1 / _b. |
||
| 260 |
_aNew York : _bBarnes & Noble , _c1960. |
||
| 300 | _a308 ; . | ||
| 500 | _a**Reference | ||
| 504 | _a | ||
| 942 | _cBK | ||
| 999 |
_c7771 _d7771 |
||